Statistics for UK castles and palaces by image

Click here to take the quiz!

General Stats

  • This quiz has been taken 127 times
  • The average score is 9 of 20

Answer Stats

Answer% Correct
Buckingham
94%
Windsor
90%
Edinburgh
83%
Balmoral
71%
Kensington
62%
Hampton Court
57%
Dover
56%
Leeds
51%
Cardiff
50%
St James
44%
Blenheim
43%
Warwick
43%
Stirling
35%
Holyrood
33%
Glamis
22%
Lambeth
17%
Durham
15%
Chepstow
9%
Lancaster
8%
Pembroke
7%

Score Distribution

Percentile by Number Answered

Percent of People with Each Score

Your Score History

You have not taken this quiz